000 00634nam a22001937a 4500
003 KOHA_MİRAKIL
005 20251209081714.0
008 251209b tu ||||| |||| 00| 0 tur d
020 _a9786254030116
040 _aTR-AnABB
_btur
_cTR-AnABB
041 _atur
082 _a364.15553
_bKAD 2021
100 1 _aErgün,Güneş Okuyucu,
245 1 0 _aKadına karşı şiddet içeren suçları işleyenlerin kriminolojik profili /
260 _aAnkara :
_bİçişleri Bakanlığı İç Güvenlik Stratejileri Dairesi Başkanlığı,
_c2021
300 _a268 sayfa :
_c28 cm
650 0 4 _aKadına Şiddet
942 _2ddc
_cBK
999 _c9704
_d9704
900 _bGizem YORULMAZ